[Event "Niederoesterreich Landesliga 0809"]
[Site "Austria"]
[Date "2009.02.22"]
[Round "9"]
[White "Reinwald, Patrick"]
[Black "Tatzmann, Peter"]
[Result "1/2-1/2"]
[WhiteElo "2041"]
[BlackElo "2035"]
[PlyCount "48"]
[EventDate "2008.09.28"]
[EventType "team-tourn"]
[EventRounds "11"]
[EventCountry "AUT"]
[SourceTitle "EXT 2022"]
[Source "ChessBase"]
[SourceDate "2021.10.06"]
[SourceVersion "1"]
[SourceVersionDate "2021.10.06"]
[SourceQuality "1"]

1. e4 c5 2. d4 cxd4 3. c3 g6 4. Nf3 Bg7 5. Bc4 d3 6. 0-0 Nc6 7. Qxd3 d6 8. Bf4 Nf6 9. Nbd2 0-0 10. a4 Nd7 11. b4 Nde5 12. Bxe5 Nxe5 13. Nxe5 dxe5 14. Rfd1 Qxd3 15. Bxd3 Be6 16. c4 Rad8 17. Nf3 Bg4 18. c5 Bxf3 19. gxf3 Rd4 20. Rab1 Rc8 21. Bf1 e6 22. Rbc1 Bf8 23. a5 Bh6 24. Rc4 Bd2 1/2-1/2

[Event "Niederoesterreich Landesliga 0809"]
[Site "Austria"]
[Date "2008.09.28"]
[Round "1"]
[White "Neumann, Christian"]
[Black "Tatzmann, Peter"]
[Result "1/2-1/2"]
[WhiteElo "1953"]
[BlackElo "2035"]
[PlyCount "32"]
[EventDate "2008.09.28"]
[EventType "team-tourn"]
[EventRounds "11"]
[EventCountry "AUT"]
[SourceTitle "EXT 2022"]
[Source "ChessBase"]
[SourceDate "2021.10.06"]
[SourceVersion "1"]
[SourceVersionDate "2021.10.06"]
[SourceQuality "1"]

1. e4 c5 2. Nf3 Nc6 3. d4 cxd4 4. Nxd4 e5 5. Nb5 d6 6. N1c3 a6 7. Na3 b5 8. Nd5 Nf6 9. Bg5 Be7 10. Bxf6 Bxf6 11. Be2 Bb7 12. 0-0 0-0 13. c3 Bg5 14. Qd3 Ne7 15. c4 Nxd5 16. cxd5 Rc8 1/2-1/2

[Event "Niederoesterreich Landesliga 0506"]
[Site "Austria"]
[Date "2006.03.05"]
[Round "11"]
[White "Tatzmann, Peter"]
[Black "Posch, Werner"]
[Result "1/2-1/2"]
[WhiteElo "2010"]
[BlackElo "2206"]
[PlyCount "159"]
[EventDate "2005.09.18"]
[EventType "team-tourn"]
[EventRounds "13"]
[EventCountry "AUT"]
[SourceTitle "EXT 2022"]
[Source "ChessBase"]
[SourceDate "2021.10.06"]
[SourceVersion "1"]
[SourceVersionDate "2021.10.06"]
[SourceQuality "1"]

1. e4 Nf6 2. e5 Nd5 3. c4 Nb6 4. c5 Nd5 5. Nc3 e6 6. Nxd5 exd5 7. d4 d6 8. cxd6 cxd6 9. Nf3 Nc6 10. Be2 dxe5 11. dxe5 Bb4+ 12. Bd2 Qa5 13. a3 Bxd2+ 14. Qxd2 Qxd2+ 15. Kxd2 Bg4 16. Rhe1 Rc8 17. Rac1 Ke7 18. h3 Bh5 19. g4 Bg6 20. Bd3 Bxd3 21. Kxd3 h5 22. Nd4 Nxd4 23. Kxd4 hxg4 24. hxg4 Ke6 25. f4 g6 26. f5+ gxf5 27. gxf5+ Kxf5 28. Rf1+ Ke6 29. Rf6+ Ke7 30. Rcf1 Rh7 31. Kxd5 Rc2 32. R1f2 Rc1 33. Rf1 Rxf1 34. Rxf1 Rh2 35. b3 Rh3 36. Kc4 b5+ 37. Kb4 Re3 38. Rf5 a6 39. Ka5 Rxb3 40. Kxa6 b4 41. axb4 Rxb4 42. Ka5 Rb1 43. Rf6 Rh1 44. Rf5 Rh7 45. Kb5 Ke6 46. Rg5 Rh1 47. Kc4 Rd1 48. Rh5 Rd8 49. Rh7 Rd7 50. Rh5 Rd2 51. Rh7 Rf2 52. Kd4 Rf4+ 53. Ke3 Kxe5 54. Rh5+ Rf5 55. Rh8 Rf6 56. Rh5+ Rf5 57. Rh8 Rf1 58. Ra8 Re1+ 59. Kf2 Rb1 60. Ra5+ Kf4 61. Ra4+ Kg5 62. Ra5+ f5 63. Ra4 Rb2+ 64. Kf3 Rb3+ 65. Kf2 Rc3 66. Rb4 Ra3 67. Rc4 Ra5 68. Rb4 Kf6 69. Rb6+ Ke5 70. Rb4 Ra8 71. Ke2 f4 72. Kf2 Kf5 73. Rb3 Kg4 74. Kg2 Ra2+ 75. Kf1 Ra5 76. Kf2 Rh5 77. Kg1 f3 78. Rb8 Re5 79. Kf2 Re2+ 80. Kf1 1/2-1/2

[Event "AUT-chT2O 0304"]
[Site "Austria"]
[Date "2004.02.29"]
[Round "11.4"]
[White "Tatzmann, Peter"]
[Black "Wallner, Alfred"]
[Result "0-1"]
[WhiteElo "2037"]
[BlackElo "2241"]
[PlyCount "96"]
[EventDate "2003.10.25"]
[EventType "team-tourn"]
[EventRounds "11"]
[EventCountry "AUT"]
[SourceTitle "EXT 2005"]
[Source "ChessBase"]
[SourceDate "2004.11.15"]
[SourceVersion "1"]
[SourceVersionDate "2004.11.15"]
[SourceQuality "1"]
[WhiteTeam "Mauerbach"]
[BlackTeam "Tschaturanga II"]
[WhiteTeamCountry "AUT"]
[BlackTeamCountry "AUT"]

1. d4 Nf6 2. Nf3 g6 3. g3 Bg7 4. Bg2 0-0 5. 0-0 d6 6. Nbd2 Nc6 7. e4 Bg4 8. c3 e5 9. dxe5 dxe5 10. Qc2 Qe7 11. Nc4 h6 12. Ne3 Be6 13. b3 b5 14. Bb2 Rfd8 15. Rfd1 Rd6 16. Rd2 Rxd2 17. Nxd2 Rd8 18. Rd1 Qc5 19. b4 Qb6 20. a4 bxa4 21. Qxa4 Ng4 22. Ndc4 Rxd1+ 23. Qxd1 Nxf2 24. Nxb6 Nxd1 25. Nxd1 cxb6 26. Ne3 a5 27. Nd5 axb4 28. Nxb6 b3 29. Bf1 Bf8 30. Nd5 Na5 31. Kf2 Bc5+ 32. Kf3 h5 33. h3 f5 34. h4 Nb7 35. Bc4 fxe4+ 36. Ke2 Bg4+ 37. Ke1 Na5 38. Bb5 Kf7 39. Nb4 Be6 40. Nc6 Nxc6 41. Bxc6 e3 42. Be4 Kf6 43. Bd3 Bf5 44. Bc4 Bc2 45. Ba6 g5 46. hxg5+ Kxg5 47. Be2 e4 48. Ba6 Bd3 0-1